000 01344nam a2200265 a 4500
008 120416s1997 ||||||||||||||||| || u
020 _a0521581605
050 _aQH 541.15 Res
100 _aWebb, Nigel R
245 1 0 _aRestoration ecology and sustainable development
_cedited by Krystina M. Urbanska, Nigel R. Webb and Peter J. Edwards
260 _aCambridge:
_bCambridge University Press
_c1997
300 _axv, 397p. : ill.
350 _a0.00
500 _aPapers from a conference sponsored by the Swiss Federal Institute of Technology Zurich, and others. -Includes bibliographical references and index.
650 _aECOLOGY
650 _aRestoration ecology--Congresses
650 _aRestoration ecology--Economic aspects--Congresses
650 _aSUSTAINABLE DEVELOPMENT--CONGRESSES
700 _aUrbanska, Krystyna M
700 _aEdwards, Peter J
856 _uhttp://www.loc.gov/catdir/description/cam028/96052176.html
856 _uhttp://www.loc.gov/catdir/toc/cam025/96052176.html
995 _aMAIN LIBRARY OPEN ACCESS
_D0.00
_e740666
_FCBU-MAIN LIBRARY (Kitwe)
_H1
_I0.00
_jQH 541.15 RES
_M2
_UAVAILABLE
_WMar 15, 2010
_y740666
_ZMain Library Open Access Collection
995 _aMAIN LIBRARY OPEN ACCESS
_D0.00
_e734556
_FCBU-MAIN LIBRARY (Kitwe)
_H1
_I44.95
_jQH 541.15 RES
_M1
_UOUT
_y47983
_ZMain Library Open Access Collection
999 _c80193
_d80193